[Event "HUN-chT U18"]
[Site "Budapest"]
[Date "2022.11.01"]
[Round "2.2"]
[White "Paksai, Nikolett"]
[Black "Murphy, Simon"]
[Result "0-1"]
[WhiteElo "1101"]
[BlackElo "1367"]
[PlyCount "84"]
[EventDate "2022.10.31"]
[EventType "team-swiss"]
[EventRounds "7"]
[EventCountry "HUN"]
[SourceTitle "CBM 211 Extra"]
[Source "ChessBase"]
[SourceDate "2023.01.31"]
[SourceVersion "1"]
[SourceVersionDate "2023.01.31"]
[SourceQuality "1"]
[WhiteTeam "Sakkmatyi SE"]
[BlackTeam "Barcza GSC II"]
[WhiteTeamCountry "HUN"]
[BlackTeamCountry "HUN"]

1. e4 c5 2. c4 e6 3. d3 Nf6 4. Nc3 d5 5. e5 d4 6. Nb5 a6 7. exf6 axb5 8. cxb5 Qxf6 9. Nf3 Nd7 10. Qe2 Be7 11. g3 Qf5 12. Bg2 0-0 13. 0-0 Ra5 14. a4 b6 15. Bd2 Ra7 16. b4 cxb4 17. Nxd4 Qe5 18. Qe4 Bb7 19. Nc6 Bxc6 20. bxc6 Qxe4 21. dxe4 Ne5 22. Rfc1 Rc8 23. Be3 Rxc6 24. Rxc6 Nxc6 25. Bxb6 Ra6 26. a5 Nxa5 27. Bxa5 Bd8 28. Rc1 Rxa5 29. Rc8 Ra1+ 30. Bf1 Rd1 31. Rb8 Rd4 32. Bc4 g6 33. Rxb4 Be7 34. Rb8+ Bf8 35. f4 Rxc4 36. e5 Kg7 37. Kf2 Bc5+ 38. Kf3 Rc3+ 39. Kg4 Rc2 40. h4 h5+ 41. Kg5 Rg2 42. Rb3 Be7# 0-1